Bridgerton - Membres de la famille Bridgerton - Statistiques

Statistiques générales
  • Ce quiz a été pris 1 484 fois
  • Le résultat moyen est 9 sur 10
Statistiques - réponses
Hint Réponse % Correct
D Daphné Brigderton
98%
A Anthony Brigderton
96%
C Colin Brigderton
96%
B Benedict Brigderton
95%
E Eloise Brigderton
95%
G Gregory Brigderton
86%
F Francesca Brigderton
85%
Mère Violet Brigderton
84%
H Hyacinthe Brigderton
74%
Père Edmund Brigderton
63%
Aucun quiz correspondant
Distribution des résultats
% des personnes avec chaque résultat
Percentile par nombre de réponses
Votre historique - résultats
Vous n’avez pas pris ce quiz